[Event "Wch U20"]
[Site "Matinhos"]
[Date "1994.??.??"]
[Round "?"]
[White "Mariano, Nelson"]
[Black "Al Modiahki, Mohamad"]
[Result "1/2-1/2"]
[WhiteElo "2345"]
[BlackElo "2380"]

1.e4 c5 2.Nf3 e6 3.d4 cxd4 4.Nxd4 Nc6 5.Nc3 Qc7 6.g3 a6 7.Bg2 d6 8.O-O Be7
9.a4 Nf6 10.Nb3 O-O 11.g4 d5 12.exd5 exd5 13.h3 h6 14.Ne2 Re8 15.c3 Bd6 16.Nbd4 Bd7
17.Nc2 Ne5 18.Ne3 Ng6 19.Nd4 Nf4 20.Nef5 Nxg2 21.Nxd6 Qxd6 22.Kxg2 Ne4 23.Qf3 Qg6
24.Kh1 Rad8 25.a5 Nc5 26.Rd1 Re4 27.Bf4 Rde8 28.b4 Ne6 29.Be3 Ng5 30.Bxg5 Qxg5
31.Qg3 h5 32.Qd6 Qh4 33.Kg2 Bxg4 34.Rd3 Rf4 35.Rf1 Be2 36.Nxe2 Rxe2 37.Rg3 Qf6
38.Qxf6 Rxf6 39.Rg5 Rc2 40.Rxd5 Rxc3 41.Rd8+ Kh7 42.Rd7 b6 43.axb6 Rxb6 44.Rxf7 Rxb4
45.Ra1 Rb6 46.Ra5 Kh6 47.Rff5 g6 48.Rf7 Rcc6 49.Ra2 Rb1 50.Rf3 Rcc1 51.Rfa3 Rh1
52.f4 Rhf1 53.Kg3 Rb4 54.Rxa6 Rbxf4 55.Rg2 Rf6 56.Rxf6 Rxf6 57.h4 Ra6 58.Rf2 Ra3+
59.Kg2 Kg7 60.Rf4 Rd3 61.Kh2 Rd5  1/2-1/2

[Event "Wch U20 Girls"]
[Site "Matinhos"]
[Date "1994.??.??"]
[Round "?"]
[White "Medvegy, Nora"]
[Black "Sheldon, Ruth"]
[Result "1/2-1/2"]
[WhiteElo "2155"]
[BlackElo "2095"]

1.e4 c5 2.Nf3 e6 3.Nc3 Nc6 4.d4 cxd4 5.Nxd4 Qc7 6.Be2 a6 7.Be3 Nf6 8.O-O Bb4
9.Na4 O-O 10.Nxc6 bxc6 11.c4 Be7 12.Bf3 d6 13.Qc2 Rb8 14.Rfd1 c5 15.Rd2 Bd7
16.Nc3 Bc6 17.Re1 Rfd8 18.Bf4 Nd7 19.Bd1 Ne5 20.b3 Ng6 21.Bg3 Bg5 22.Rd3 Ne5
23.Bxe5 dxe5 24.Be2 Rd4 25.Bf1 Rbd8 26.Red1 f5 27.f3 g6 28.Qe2 Kg7 29.g3 R8d7
30.Bg2 Qd8 31.Bf1 Qc7 32.Bg2 Qd8 33.Bf1 Rxd3 34.Rxd3 Rxd3 35.Qxd3 Qd4+ 36.Kg2 Be3
37.Qc2 Bd2 38.Nb1 Be3 39.Bd3 Kf6 40.Nc3 Kg7  1/2-1/2

[Event "Wch U20"]
[Site "Matinhos"]
[Date "1994.??.??"]
[Round "?"]
[White "Georgiev, Vladimir"]
[Black "Al Modiahki, Mohamad"]
[Result "1/2-1/2"]
[WhiteElo "2430"]
[BlackElo "2380"]

1.e4 c5 2.Nf3 e6 3.d4 cxd4 4.Nxd4 Nc6 5.Nc3 Qc7 6.g3 a6 7.Bg2 d6 8.O-O Be7
9.Re1 Bd7 10.Nxc6 Bxc6 11.Qg4 h5 12.Qe2 h4 13.a4 Nf6 14.Bd2 hxg3 15.hxg3 Rd8
16.Rad1 e5 17.Bg5 Nh7 18.Be3 Rc8 19.Bh3 Rb8 20.Bg2 Rc8 21.Rd2 Qd7 22.Red1 Qe6
23.b4 Nf6 24.Bg5 Bd7 25.Bxf6 Qxf6 26.Nd5 Qh6 27.g4 Bg5 28.Rd3 Qh2+ 29.Kf1 Bxa4
30.Nc3 Rxc3 31.Rxc3 Bb5 32.Rc8+  1/2-1/2

[Event "Minsk op"]
[Site "Minsk"]
[Date "1994.??.??"]
[Round "4"]
[White "Zezulkin, Alexey"]
[Black "Saltaev, Mihail"]
[Result "0-1"]
[WhiteElo "2365"]
[BlackElo "2480"]

1.e4 c5 2.Nf3 e6 3.d4 cxd4 4.Nxd4 Nc6 5.Nc3 Qc7 6.g3 a6 7.Bg2 Nf6 8.O-O d6
9.Re1 Nxd4 10.Qxd4 Be7 11.e5 dxe5 12.Qxe5 Qxe5 13.Rxe5 Bd6 14.Re2 Rb8 15.Be3 b6
16.Rd1 Bc7 17.Bc6+ Bd7 18.Bxd7+ Nxd7 19.Nd5 exd5 20.Rxd5 f6 21.Bh6+ Be5 22.Bc1 g5
23.f4 gxf4 24.gxf4 Rg8+ 25.Kf2 Ke7 26.Bd2 Ke6 27.Rd3 Rg4 28.fxe5 fxe5 29.Rg3 Rbg8
30.c4 Rf8+ 31.Kg2 Rxc4 32.Bc3 Rf5 33.Rg7 Nf6 34.Re3 Nd5 35.Rf3 Nf4+  0-1

[Event "Minsk op"]
[Site "Minsk"]
[Date "1994.??.??"]
[Round "6"]
[White "Fedorov, Alexei"]
[Black "Smirnov, Valerij"]
[Result "1-0"]
[WhiteElo "2505"]
[BlackElo "2305"]

1.e4 c5 2.Nf3 Nc6 3.Nc3 e6 4.d4 cxd4 5.Nxd4 Qc7 6.g3 a6 7.Bg2 d6 8.O-O Bd7
9.Nb3 Nf6 10.f4 Be7 11.Be3 b5 12.a3 Rc8 13.g4 h5 14.h3 hxg4 15.hxg4 Rh4 16.Bf3 g5
17.Kg2 d5 18.exd5 exd5 19.Bf2 Rxg4+ 20.Bxg4 Bxg4 21.Nxd5 Nxd5 22.Qxd5 gxf4
23.Rh1 Bf6 24.Rae1+ Ne7 25.Rh6 Rd8 26.Qc5 Qb7+ 27.Kg1 Bg7 28.Na5 Qd7 29.Nc6 Be2
30.Rxe2 Qg4+ 31.Kf1 Rd1+ 32.Re1 Rxe1+ 33.Kxe1 Nf5 34.Qd5  1-0

[Event "BLR-ch"]
[Site "Minsk"]
[Date "1994.??.??"]
[Round "7"]
[White "Fedorov, Alexei"]
[Black "Mochalov, Evgeny V"]
[Result "1/2-1/2"]
[WhiteElo "2505"]
[BlackElo "2450"]

1.e4 c5 2.Nf3 Nc6 3.Nc3 e6 4.d4 cxd4 5.Nxd4 d6 6.Be3 Nf6 7.f3 d5 8.Bb5 Bd7
9.exd5 exd5 10.O-O Bc5 11.Kh1 Bb6 12.Na4 Bxd4 13.Bxd4 Nxd4 14.Bxd7+ Qxd7
15.Qxd4 O-O 16.Nc5 Qc7 17.c3 Rfe8 18.Rfe1 Qb6 19.Nb3 Qa6 20.a3  1/2-1/2

[Event "Mlada Boleslav op"]
[Site "Mlada Boleslav"]
[Date "1994.??.??"]
[Round "1"]
[White "Pachmann, Ales"]
[Black "Bashkov, Viacheslav"]
[Result "1/2-1/2"]
[WhiteElo "2160"]
[BlackElo "2420"]

1.e4 c5 2.Nf3 e6 3.d4 cxd4 4.Nxd4 Nc6 5.Nc3 a6 6.Nxc6 bxc6 7.e5 Qc7 8.f4 d5
9.exd6 Bxd6 10.Ne4 Be7 11.Bd3 c5 12.Qe2 Nf6 13.O-O Ra7 14.f5 Nxe4 15.Bxe4 exf5
16.Bxf5 Bxf5 17.Rxf5 O-O 18.Bg5 Bd6 19.h3 c4 20.Rd1 Raa8 21.Rfd5 Rae8 22.Qf3 Re6
23.Bd2 Rf6 24.Qe4 Qc6 25.Be3 Rg6 26.Kh1 Re8 27.Qf3 h6 28.R5d4 Qc7 29.Rg4 Ree6
30.Rxg6 Rxg6 31.Re1 Qc8 32.Qd5  1/2-1/2

[Event "Mlada Boleslav op"]
[Site "Mlada Boleslav"]
[Date "1994.??.??"]
[Round "4"]
[White "Gelashvili, Tamaz"]
[Black "Gogichaishvili, Giorgi"]
[Result "1-0"]
[WhiteElo "2260"]
[BlackElo "2410"]

1.e4 c5 2.Nf3 e6 3.d4 cxd4 4.Nxd4 Nc6 5.Nc3 Qc7 6.g3 a6 7.Bg2 Nf6 8.O-O Be7
9.Re1 Nxd4 10.Qxd4 Bc5 11.Bf4 d6 12.Qd2 Ng4 13.Rf1 Bd7 14.Nd1 Ne5 15.b3 O-O
16.h3 b5 17.c3 Rac8 18.Rc1 Bc6 19.Re1 Qb7 20.Nb2 Rfd8 21.Rcd1 Rd7 22.Qe2 Ng6
23.Nd3 Nxf4 24.Nxf4 b4 25.c4 Qb6 26.Qd2 a5 27.Re2 h6 28.h4 a4 29.Nh5 Ra8
30.Qf4 Qd8 31.Qg4 g6 32.e5 Bxg2 33.Nf6+ Kg7 34.Nxd7 Qxd7 35.Kxg2 axb3 36.axb3 Qc6+
37.Qf3 Qxf3+ 38.Kxf3  1-0

[Event "Mlada Boleslav op"]
[Site "Mlada Boleslav"]
[Date "1994.??.??"]
[Round "8"]
[White "Landa, Konstantin"]
[Black "Gogichaishvili, Giorgi"]
[Result "0-1"]
[WhiteElo "2510"]
[BlackElo "2410"]

1.e4 c5 2.Nf3 e6 3.Nc3 Nc6 4.d4 cxd4 5.Nxd4 Qc7 6.Be2 a6 7.O-O Nf6 8.Kh1 Bb4
9.Nxc6 bxc6 10.f4 d5 11.e5 Bxc3 12.bxc3 Ne4 13.Bf3 a5 14.c4 Ba6 15.Bxe4 dxe4
16.Qd4 c5 17.Qxe4 Bb7 18.Qe2 O-O 19.Bb2 a4 20.a3 Rad8 21.Bc3 Bc6 22.Rad1 Rxd1
23.Rxd1 Rd8 24.Rd3 Rb8 25.h3 Qb7 26.Kh2 Be4 27.Rd1 h6 28.h4 h5 29.Rd2 Bg6
30.f5 Bxf5 31.Qxh5 Qe4 32.Qg5 Qxc4 33.Ba5 Qd4  0-1

[Event "Moscow ol (Women)"]
[Site "Moscow"]
[Date "1994.??.??"]
[Round "2"]
[White "Safranska, Anda"]
[Black "Sziva, Erika"]
[Result "0-1"]
[WhiteElo "2305"]
[BlackElo "2250"]

1.e4 c5 2.Nf3 e6 3.d4 cxd4 4.Nxd4 Nc6 5.Nc3 Qc7 6.f4 a6 7.Nxc6 Qxc6 8.Bd3 b5
9.Be3 Bb7 10.Qe2 Nf6 11.e5 b4 12.Nd1 Ne4 13.O-O Bc5 14.Bxc5 Qxc5+ 15.Kh1 f5
16.exf6 Nxf6 17.Ne3 O-O 18.Rae1 a5 19.Nc4 g6 20.Ne5 Bd5 21.a3 Rae8 22.axb4 axb4
23.c4 Bb7 24.Qc2 Re7 25.Qd1 Qd4 26.Qb3 d6 27.Nf3 Qxf4 28.Ng1 Qg5 29.Qc2 b3
30.Qe2 e5 31.Bb1 Ref7 32.Nh3 Qh4 33.Kg1 Qd4+ 34.Kh1 Nh5 35.Rxf7 Rxf7 36.Rd1 Qc5
37.Be4 Bxe4 38.Qxe4 Rc7 39.Qd3 Nf6 40.Ng5 Ng4 41.Ne4 Qxc4 42.Qxd6 Rf7 43.Nd2 Qf4  0-1

[Event "Moscow ol (Men)"]
[Site "Moscow"]
[Date "1994.??.??"]
[Round "2"]
[White "Ye Jiangchuan"]
[Black "Hernandez, Gilberto"]
[Result "1/2-1/2"]
[WhiteElo "2575"]
[BlackElo "2510"]

1.e4 c5 2.Nf3 e6 3.d4 cxd4 4.Nxd4 Nc6 5.Nc3 Qc7 6.Be2 a6 7.O-O Nf6 8.Be3 Bb4
9.Na4 Be7 10.c4 Nxe4 11.c5 O-O 12.Rc1 f5 13.g3 Rb8 14.Bf3 Ng5 15.Bg2 e5 16.Nf3 Nxf3+
17.Bxf3 f4 18.Bd5+ Kh8 19.Be4 d5 20.cxd6 Qxd6 21.Qxd6 Bxd6 22.Bc5 Bxc5 23.Rxc5 Bh3
24.Re1 Nd4  1/2-1/2

[Event "Moscow ol (Men)"]
[Site "Moscow"]
[Date "1994.??.??"]
[Round "3"]
[White "Zagrebelny, Sergey"]
[Black "San Segundo, Pablo"]
[Result "1/2-1/2"]
[WhiteElo "2515"]
[BlackElo "2485"]

1.e4 c5 2.Nf3 e6 3.Nc3 Nc6 4.d4 cxd4 5.Nxd4 Nf6 6.Ndb5 d6 7.Bf4 e5 8.Bg5 a6
9.Na3 b5 10.Nd5 Qa5+ 11.Bd2 Qd8 12.Bg5 Qa5+ 13.Bd2 Qd8 14.Bg5  1/2-1/2

[Event "Moscow ol (Men)"]
[Site "Moscow"]
[Date "1994.??.??"]
[Round "3"]
[White "Barua, Dibyendu"]
[Black "Al Modiahki, Mohamad"]
[Result "1/2-1/2"]
[WhiteElo "2495"]
[BlackElo "2370"]

1.e4 c5 2.Nf3 e6 3.d4 cxd4 4.Nxd4 Nc6 5.Nc3 Qc7 6.Be2 a6 7.O-O Nf6 8.Kh1 Nxd4
9.Qxd4 Bc5 10.Qd3 h5 11.f4 Ng4 12.e5 d6 13.Ne4 d5 14.Nxc5 Qxc5 15.Qg3 Bd7
16.Bd3 O-O-O 17.Bd2 f5 18.b4 Qb6 19.h3 h4 20.Qe1 d4 21.a4 Ne3 22.b5 axb5
23.axb5 Bxb5 24.Rb1 Nxf1 25.Rxb5 Ng3+ 26.Kh2 Qc6 27.Qa1 Kb8 28.Ra5 b6 29.Qb2 Ne4
30.Ra6 Kc7 31.Ra7+ Kb8 32.Ra6 Kc7  1/2-1/2

[Event "Moscow ol (Men)"]
[Site "Moscow"]
[Date "1994.??.??"]
[Round "4"]
[White "Donguines, Fernie"]
[Black "Cebalo, Miso"]
[Result "1-0"]
[WhiteElo "2380"]
[BlackElo "2520"]

1.e4 c5 2.Nf3 e6 3.d4 cxd4 4.Nxd4 Nc6 5.Nc3 d6 6.Be2 Nf6 7.O-O Be7 8.Be3 O-O
9.f4 Bd7 10.Nb3 a6 11.a4 Rc8 12.g4 Nb4 13.Bf3 d5 14.e5 Ne4 15.Bxe4 dxe4 16.Rf2 Bc6
17.Nd4 Bd5 18.g5 Bc5 19.Rd2 Qe7 20.Qe2 f6 21.exf6 gxf6 22.Kh1 f5 23.Rg1 b6
24.Qh5 Rf7 25.g6 Rg7 26.gxh7+ Kh8 27.Rxg7 Qxg7 28.Nxd5 exd5 29.Nxf5 Qxh7
30.Qg5 Rf8 31.Bxc5 bxc5 32.Ne7 Re8 33.Qe5+  1-0

[Event "Moscow ol (Men)"]
[Site "Moscow"]
[Date "1994.??.??"]
[Round "5"]
[White "Almasi, Zoltan"]
[Black "Benjamin, Joel"]
[Result "1/2-1/2"]
[WhiteElo "2620"]
[BlackElo "2610"]

1.e4 c5 2.Nf3 e6 3.d4 cxd4 4.Nxd4 Nc6 5.Nc3 a6 6.g3 Qc7 7.Bg2 Nf6 8.O-O d6
9.Re1 Rb8 10.a4 Be7 11.Nb3 b6 12.f4 O-O 13.g4 Re8 14.g5 Nd7 15.Be3 Bf8 16.Qe2 Nb4
17.Rad1 Nc5 18.Rd2 Bb7 19.Qc4 Nc6 20.Nc1 Na5 21.Qf1 Nd7 22.Rd4 e5 23.Nd5 Bxd5
24.Rxd5 Qxc2 25.f5 Qxa4 26.f6 Rec8 27.fxg7 Bxg7 28.Ne2 Nf8 29.Nc3 Rxc3 30.bxc3 Nc4
31.Bc1 Ng6 32.Qf2 Qd7 33.Rf1 b5 34.Rd3 a5 35.h4 a4 36.Rf3 Rf8 37.h5 Nf4 38.Bxf4 exf4
39.Rxf4 Ne5 40.Qa2 Qc7 41.Kh1 Qxc3 42.g6 Qc4 43.gxf7+ Rxf7 44.Qxc4 bxc4 45.Rxf7 Nxf7
46.e5 Nxe5 47.Bd5+ Kh8 48.Ra1 c3 49.Rxa4 Bh6 50.Ra8+ Kg7 51.Rc8 Bd2 52.Be4 h6
53.Kg2 Kf6 54.Kf1 Nf7 55.Rc7 Ke6 56.Rxf7 Kxf7 57.Ke2 Ke6  1/2-1/2

[Event "Moscow ol (Women)"]
[Site "Moscow"]
[Date "1994.??.??"]
[Round "5"]
[White "Polgar, Sofia"]
[Black "Gaponenko, Inna"]
[Result "1/2-1/2"]
[WhiteElo "2450"]
[BlackElo "2315"]

1.e4 c5 2.Nf3 e6 3.d4 cxd4 4.Nxd4 Nc6 5.Nc3 d6 6.Be3 Nf6 7.f3 d5 8.Bb5 Bd7
9.exd5 exd5 10.O-O Bd6 11.Nb3 Qc7 12.f4 O-O 13.Kh1 Rfe8 14.Qf3 Re7 15.Bd4 Nxd4
16.Nxd4 Bg4 17.Qg3 Bc5 18.Qd3 a6 19.Ba4 Bxd4 20.Qxd4 Qc4 21.Qb6 Rc8 22.Bb3 Qc5
23.Qxc5 Rxc5 24.h3 d4 25.Na4 Rh5 26.Rae1 Kf8 27.Nb6 Be2 28.Nc8 Re3 29.Rf2 Ne4
30.Kg1 Nxf2 31.Kxf2 Bb5 32.Rd1 Rc5 33.Nd6 Re2+ 34.Kf3 Re3+ 35.Kf2 Re2+ 36.Kf3 Re3+
37.Kf2 Re2+ 38.Kf3  1/2-1/2

[Event "Moscow ol (Men)"]
[Site "Moscow"]
[Date "1994.??.??"]
[Round "5"]
[White "Rezaei, Reza"]
[Black "Daly, Colm"]
[Result "0-1"]
[WhiteElo "2255"]
[BlackElo "2265"]

1.e4 c5 2.Nf3 e6 3.d4 cxd4 4.Nxd4 Nc6 5.Nc3 a6 6.Be2 d6 7.Be3 Nf6 8.O-O Be7
9.f4 O-O 10.Qe1 Bd7 11.Qg3 Nxd4 12.Bxd4 Bc6 13.Kh1 b5 14.a3 Qd7 15.e5 dxe5
16.Bxe5 a5 17.Bd3 Qb7 18.Rae1 g6 19.f5 exf5 20.Bxf5 Rae8 21.Bd3 Nh5 22.Qf2 f6
23.Bg3 Nxg3+ 24.Qxg3 Kg7 25.Be4 b4 26.axb4 Bxb4 27.Qf3 Rxe4 28.Nxe4 f5 29.Nc5 Bxf3
30.Nxb7 Bxb7 31.c3 Bc5 32.Re5 Rc8 33.Ra1 Kf6 34.Re2 f4 35.b4 axb4 36.cxb4 Bd4
37.Rf1 g5 38.Rd2 Be3 39.Rd7 Be4 40.h4 g4  0-1

[Event "Moscow ol (Men)"]
[Site "Moscow"]
[Date "1994.??.??"]
[Round "6"]
[White "Van der Wiel, John TH"]
[Black "Ruzele, Darius"]
[Result "1-0"]
[WhiteElo "2555"]
[BlackElo "2495"]

1.e4 c5 2.Nf3 e6 3.d4 cxd4 4.Nxd4 Nc6 5.Nc3 Qc7 6.Be2 a6 7.O-O Nf6 8.Kh1 Nxd4
9.Qxd4 Bc5 10.Qd3 h5 11.f4 Ng4 12.e5 Nf2+ 13.Rxf2 Bxf2 14.Ne4 Bc5 15.Be3 Be7
16.Nd6+ Bxd6 17.exd6 Qa5 18.Bf3 O-O 19.a4 Qb4 20.Bd2 Qxb2 21.Bc3 Qb6 22.Bxh5 Qf2
23.Rf1 Qh4 24.Qd4 f6 25.Bf3 a5 26.Be1 Qh7 27.c4 Ra6 28.c5 Rc6 29.Bxa5 Kf7
30.Bb6 Rh8 31.h3 Qf5 32.Be4 Qh5 33.a5 Qe2 34.Bd3 Qg4 35.Kh2 Rh4 36.Rf3 Qh5
37.Qe3 Qh6 38.Be4 Rh5 39.Qd4 Rh4 40.a6 Rxb6 41.cxb6  1-0

[Event "Moscow ol (Women)"]
[Site "Moscow"]
[Date "1994.??.??"]
[Round "6"]
[White "Gaponenko, Inna"]
[Black "Velikhanli, Firuza"]
[Result "0-1"]
[WhiteElo "2315"]
[BlackElo "2315"]

1.e4 c5 2.Nf3 e6 3.d4 cxd4 4.Nxd4 Nc6 5.Nc3 Nf6 6.Ndb5 d6 7.Bf4 e5 8.Bg5 a6
9.Na3 b5 10.Nd5 Be7 11.Bxf6 Bxf6 12.c3 O-O 13.Nc2 Rb8 14.Be2 Bg5 15.O-O Be6
16.Kh1 a5 17.Na3 b4 18.Nc4 bxc3 19.bxc3 Ne7 20.Qd3 Bxd5 21.exd5 Qc7 22.g3 Qc5
23.h4 Bh6 24.Rad1 a4 25.f4 exf4 26.gxf4 Ng6 27.Qd4 Rfe8 28.f5 Qxd4 29.Rxd4 Rxe2
30.fxg6 hxg6 31.Rg4 Rxa2 32.Nxd6 Rbb2 33.Nc4 Rh2+ 34.Kg1 f5 35.Rxg6 Kh7 36.Rg3 Rxh4
37.Ne3 g6 38.Ng2 Re4 39.Rd1 Ree2 40.Rdd3 Bf4 41.d6 Bxg3 42.Rxg3 Red2  0-1

[Event "Moscow ol (Men)"]
[Site "Moscow"]
[Date "1994.??.??"]
[Round "6"]
[White "Hjartarson, Johann"]
[Black "Ye Jiangchuan"]
[Result "1/2-1/2"]
[WhiteElo "2585"]
[BlackElo "2575"]

1.e4 c5 2.Nf3 Nc6 3.d4 cxd4 4.Nxd4 e6 5.Nc3 Qc7 6.Be3 a6 7.Bd3 b5 8.O-O Bb7
9.Kh1 Nf6 10.a3 Nxd4 11.Bxd4 Bc5 12.Bxc5 Qxc5 13.Qe2 d6 14.f4 e5 15.fxe5 dxe5
16.Rf5 O-O 17.Raf1 Rae8 18.Qe1 Re6 19.R1f3 Qe7 20.Rh3 g6 21.Rf1 Nh5 22.Nd5 Bxd5
23.exd5 Rd6 24.g4 Nf6 25.Qh4 Re8 26.b3 h5 27.gxh5 Nxh5 28.c4 Qxh4 29.Rxh4 bxc4
30.bxc4 Kg7 31.Bb1 Nf6 32.Ba2 Nd7 33.c5 Nxc5 34.Rc4 Nd3 35.Rc6 Red8 36.Rb1 e4
37.Kg1 Ne5 38.Rxd6 Rxd6 39.Kf2 Ng4+ 40.Kg3 Nf6 41.Kf4 e3  1/2-1/2

[Event "Moscow ol (Men)"]
[Site "Moscow"]
[Date "1994.??.??"]
[Round "7"]
[White "Lupu, Mircea Sergiu"]
[Black "Grivas, Efstratios"]
[Result "1-0"]
[WhiteElo "2420"]
[BlackElo "2475"]

1.e4 c5 2.Ne2 Nc6 3.Nbc3 e6 4.d4 cxd4 5.Nxd4 d6 6.g3 Nf6 7.Bg2 Bd7 8.O-O Be7
9.Re1 O-O 10.Ndb5 Qb8 11.a4 a6 12.Na3 Qc7 13.Be3 Rab8 14.h3 b6 15.Qe2 Nb4
16.Bf4 e5 17.Be3 h6 18.Red1 Rfc8 19.Rd2 Bf8 20.Rad1 Be8 21.Kh2 Nd7 22.Bf1 Nc5
23.Qc4 Nc6 24.Nd5 Qd8 25.Bxc5 bxc5 26.b3 Nb4 27.Ne3 Bd7 28.Qc3 Bc6 29.Bg2 Qf6
30.Nac4 Rd8 31.f4 exf4 32.Qxf6 gxf6 33.gxf4 Na2 34.e5 Bxg2 35.Rxg2+ Kh7 36.exd6 Nc3
37.Rd3 Ne4 38.Nf5 Rb7 39.Re2 Kg6 40.Ne7+  1-0

[Event "Moscow ol (Women)"]
[Site "Moscow"]
[Date "1994.??.??"]
[Round "7"]
[White "Repkova Eid, Eva"]
[Black "Sziva, Erika"]
[Result "1/2-1/2"]
[WhiteElo "2265"]
[BlackElo "2250"]

1.e4 c5 2.Nf3 e6 3.d4 cxd4 4.Nxd4 Nc6 5.Nc3 Qc7 6.f4 a6 7.Be3 b5 8.e5 f5
9.Qd2 Nxd4 10.Bxd4 Bb7 11.O-O-O Bc6 12.Rg1 Ne7 13.Bc5 Nd5 14.Bxf8 Rxf8 15.Nxd5 Bxd5
16.Kb1 g6 17.Be2 Rc8 18.g4 Be4 19.Rc1 fxg4 20.Rxg4 Qc6 21.Rg3 Qd5 22.Bd3 Rf7
23.Rd1 Qc6 24.h4 Bf3 25.Re1 Qd5 26.Qe3 Bh5 27.Be4 Qc5 28.Qd2 Qe7 29.Rg5 Rc7
30.Bd3 Qc5 31.Rg3 Qe7 32.f5 exf5 33.Qf4 Rc6 34.Rge3 Qd8 35.a4 Qb6 36.axb5 axb5
37.e6 Rxe6 38.Rxe6+ dxe6 39.Qe5 Ke7 40.Bxb5 Qd6 41.Qh8 f4 42.Qe8+ Kf6 43.Qh8+ Ke7  1/2-1/2

[Event "Moscow ol (Men)"]
[Site "Moscow"]
[Date "1994.??.??"]
[Round "7"]
[White "Gadjilu, Rauf"]
[Black "Gostisa, Leon"]
[Result "0-1"]
[WhiteElo "2260"]
[BlackElo "2420"]

1.e4 c5 2.Nf3 e6 3.d4 cxd4 4.Nxd4 Nc6 5.Nc3 Qc7 6.g3 a6 7.Bg2 d6 8.O-O Bd7
9.a4 Nf6 10.Nb3 Be7 11.f4 h5 12.Qe2 Rc8 13.h3 Nb4 14.Be3 b6 15.Rae1 e5 16.fxe5 dxe5
17.Qf2 Be6 18.Bxb6 Qb8 19.Ba7 Qc7 20.Bb6 Qb8 21.Ba7 Qa8 22.Nd5 Rxc2 23.Qxc2 Nxc2
24.Nc7+ Kd7 25.Nxa8 Nxe1 26.Nb6+ Kc7 27.Rxe1 Bxb3 28.Nd5+ Nxd5 29.exd5 Bd6
30.a5 f5 31.Rc1+ Kd7 32.Rf1 Rf8 33.g4 g6 34.gxf5 gxf5 35.h4 Rg8 36.Rxf5 Bxd5
37.Rg5 Rxg5 38.hxg5 Bxg2 39.Kxg2 Ke6 40.Kh3 Kf5 41.Kh4 Kg6 42.Bb6 e4 43.Be3 Be7
44.b3 Bb4 45.Kg3 Bd6+ 46.Kh3 Bb4 47.Kg3 Bxa5 48.Kf4 Bd8 49.Kxe4 Bxg5 50.Bc5 Kf6
51.Bd4+ Ke6 52.Bf2 h4 53.Bg1 Bd2 54.Bf2 h3 55.Kf3 Bf4 56.Bb6 Bd6 57.Be3 Kd5
58.Bf2 Kc6 59.Bd4 Kb5 60.Bc3 Kc5 61.Kf2 Kd5 62.Kf3 Be5  0-1

[Event "Moscow ol (Men)"]
[Site "Moscow"]
[Date "1994.??.??"]
[Round "8"]
[White "Mokry, Karel"]
[Black "Benjamin, Joel"]
[Result "1-0"]
[WhiteElo "2530"]
[BlackElo "2610"]

1.e4 c5 2.Nf3 e6 3.d4 cxd4 4.Nxd4 Nc6 5.Nc3 a6 6.Nxc6 bxc6 7.e5 Qc7 8.f4 d6
9.exd6 Bxd6 10.Ne4 Be7 11.Bd3 c5 12.Qe2 Bb7 13.O-O Nh6 14.b3 Nf5 15.Bb2 Nd4
16.Bxd4 cxd4 17.f5 exf5 18.Rxf5 O-O 19.Raf1 f6 20.Ng5 g6 21.Ne6 Qd6 22.Nxf8 Rxf8
23.R5f2 f5 24.Qd2 Kg7 25.Re2 Qd8 26.Rfe1 Bh4 27.Qb4 Rf7 28.Re8 Bxe1 29.Qxe1 Qg5
30.Qf2 Rd7 31.h4 Qf6 32.Qf4 Rd8 33.Qc7+ Kh6 34.Qxd8  1-0

[Event "Moscow ol (Women)"]
[Site "Moscow"]
[Date "1994.??.??"]
[Round "8"]
[White "Polgar, Sofia"]
[Black "Velikhanli, Firuza"]
[Result "1-0"]
[WhiteElo "2450"]
[BlackElo "2315"]

1.e4 c5 2.Nf3 e6 3.d4 cxd4 4.Nxd4 Nc6 5.Nc3 Nf6 6.Ndb5 d6 7.Bf4 e5 8.Bg5 a6
9.Na3 b5 10.Bxf6 gxf6 11.Nd5 Bg7 12.c3 Ne7 13.Nxe7 Qxe7 14.Nc2 f5 15.Bd3 Qb7
16.Qf3 f4 17.g3 fxg3 18.hxg3 Be6 19.Nb4 a5 20.Nd5 Bxd5 21.exd5 h6 22.Rh4 Ke7
23.Kf1 Rac8 24.a4 Bf6 25.Rh5 Bg5 26.axb5 Rc5 27.c4 Qb6 28.Qf5 Rcc8 29.Kg2 Rhg8
30.b3 Ra8 31.Ra2 Qd4 32.Rh1 Bf4 33.Qe4 Qc3 34.Rb1 Qb4 35.Qe1 Qc5 36.Kf1 Qd4
37.Qe4 Qxe4 38.Bxe4 f5 39.Bxf5 Rgf8 40.gxf4 Rxf5 41.fxe5 Rxe5 42.Rba1 Rh5
43.Ke2 Rh3 44.Rxa5 Rxa5 45.Rxa5 Rxb3 46.Ra7+ Kf6 47.Rh7 Rh3 48.b6 Rb3 49.Rxh6+ Ke5
50.f4+ Kd4 51.Rxd6 Kxc4 52.Rd8 Rxb6 53.Ke3 Rb1 54.Ke4 Re1+ 55.Kf5 Kd4 56.d6 Kd5
57.d7 Re7 58.Kf6 Kd6 59.f5 Rh7 60.Kg6 Rh1 61.f6 Rg1+ 62.Kf7 Rf1 63.Kg7 Rg1+
64.Kf8 Kc7 65.Re8 Kxd7 66.f7 Rg2 67.Re1 Ra2 68.Rg1 Ke6 69.Kg8  1-0

[Event "Moscow ol (Men)"]
[Site "Moscow"]
[Date "1994.??.??"]
[Round "9"]
[White "Valiente, Cristobal"]
[Black "Mamombe, Kudzanai"]
[Result "1/2-1/2"]
[WhiteElo "2360"]
[BlackElo "2120"]

1.e4 c5 2.Nf3 e6 3.d4 cxd4 4.Nxd4 Nc6 5.Nc3 a6 6.g3 d6 7.Bg2 Nf6 8.O-O Qc7
9.Re1 Be7 10.Nxc6 bxc6 11.Na4 O-O 12.c4 e5 13.c5 dxc5 14.Qc2 c4 15.Qxc4 Be6
16.Qc2 Rfd8 17.Be3 Rab8 18.b3 Bb4 19.Red1 Rxd1+ 20.Rxd1 Ng4 21.Bc5 a5 22.Qd3 h6
23.Bd6 Bxd6 24.Qxd6 Qa7 25.Qc5 Qc7 26.Qd6 Qa7 27.Qc5 Qc7  1/2-1/2

[Event "Moscow ol (Women)"]
[Site "Moscow"]
[Date "1994.??.??"]
[Round "9"]
[White "Velikhanli, Firuza"]
[Black "Uskova, Fliura"]
[Result "1/2-1/2"]
[WhiteElo "2315"]
[BlackElo "2250"]

1.e4 c5 2.Nf3 e6 3.d4 cxd4 4.Nxd4 Nc6 5.Nc3 Qc7 6.Be2 a6 7.O-O Nf6 8.Kh1 Bb4
9.Bg5 Be7 10.f4 d6 11.Qd2 O-O 12.Rad1 Rd8 13.Qe3 h6 14.Nxc6 bxc6 15.Bxf6 Bxf6
16.e5 Be7 17.exd6 Rxd6 18.Bd3 Rb8 19.b3 c5 20.Qe4 g6 21.Qe3 Bb7 22.Ne4 Bxe4
23.Qxe4 Rbd8 24.Qf3 a5 25.a4 Rd4 26.Rde1 Bd6 27.Re4 Rxe4 28.Qxe4 Bf8 29.g4 Rd4
30.Qf3 Bd6 31.f5 Rf4 32.Qa8+ Kg7 33.Rxf4 Bxf4 34.fxg6 Bxh2 35.gxf7 Kxf7 36.Qh8 Bf4
37.Qh7+ Kf6 38.Qg6+ Ke7 39.Qg7+ Kd6 40.Qf8+ Ke5 41.Qh8+ Kd6 42.Be4 Bg5 43.Kg2 Ke7
44.Qg7+ Kd6 45.Qf8+ Qe7 46.Qb8+ Qc7 47.Qe8 Qd7 48.Qa8 Qc7 49.Qf8+  1/2-1/2

[Event "Moscow ol (Men)"]
[Site "Moscow"]
[Date "1994.??.??"]
[Round "9"]
[White "Reefat bin Satter"]
[Black "Gostisa, Leon"]
[Result "0-1"]
[WhiteElo "2405"]
[BlackElo "2420"]

1.e4 c5 2.Nf3 e6 3.d4 cxd4 4.Nxd4 Nc6 5.Nc3 Qc7 6.Be3 a6 7.Bd3 Nf6 8.O-O Ne5
9.Be2 b5 10.f4 Nc4 11.Bxc4 Qxc4 12.e5 Nd5 13.Nxd5 Qxd5 14.Qe2 Bb7 15.Nb3 Rc8
16.c3 Qc4 17.Qf2 Bd5 18.Rad1 Be7 19.Rd4 Qc6 20.Rd2 O-O 21.Rfd1 f6 22.Nd4 Qc4
23.Nf5 exf5 24.Rxd5 fxe5 25.Rxe5 Bf6 26.Rxf5 Qxa2 27.Rfd5 Rf7 28.h4 Re8 29.Bc5 Qc4
30.h5 Re2 31.Qf3 h6 32.Bd4 Rxb2 33.Bxf6 Rxf6 34.f5 Qe2 35.Qxe2 Rxe2 36.Rc5 Re7
37.Kf2 Rc6 38.Rxc6 dxc6 39.Kf3 a5 40.Rd8+ Kf7 41.Rc8 a4 42.Rxc6 Ra7 43.Re6 a3
44.Re1 Rc7 45.Rb1 Rxc3+  0-1

[Event "Moscow ol (Men)"]
[Site "Moscow"]
[Date "1994.??.??"]
[Round "11"]
[White "Ye Jiangchuan"]
[Black "Timman, Jan H"]
[Result "0-1"]
[WhiteElo "2575"]
[BlackElo "2635"]

1.e4 c5 2.Nf3 e6 3.d4 cxd4 4.Nxd4 Nc6 5.Nc3 a6 6.Be2 Qc7 7.O-O Nf6 8.Be3 Bb4
9.Na4 O-O 10.Nxc6 bxc6 11.f4 Be7 12.Bf3 d5 13.e5 Nd7 14.c4 Rb8 15.a3 a5 16.Rc1 Qb7
17.Rc3 Qa8 18.Rf2 Ba6 19.Rd2 Rfd8 20.Be2 Qb7 21.Qc2 Qa8 22.h3 g6 23.Kh2 Bf8
24.Qc1 Bh6 25.Qg1 c5 26.cxd5 exd5 27.Bf3 Bb7 28.Nxc5 Nxc5 29.Rxc5 d4 30.Bxb7 Qxb7
31.Qd1 Qe4 32.Rxd4 Bxf4+ 33.Kh1 Rxd4 34.Bxd4 Rd8 35.Rc4 Bxe5 36.Bg1 Rxd1
37.Rxe4 Bc7  0-1

[Event "Moscow ol (Women)"]
[Site "Moscow"]
[Date "1994.??.??"]
[Round "11"]
[White "Arakhamia, Ketevan"]
[Black "Uskova, Fliura"]
[Result "1/2-1/2"]
[WhiteElo "2450"]
[BlackElo "2250"]

1.e4 c5 2.Nf3 e6 3.d4 cxd4 4.Nxd4 Nc6 5.Nc3 Qc7 6.Be2 a6 7.O-O Nf6 8.Nxc6 bxc6
9.f4 d5 10.e5 Nd7 11.b3 Be7 12.Na4 c5 13.c4 d4 14.Bf3 Rb8 15.Bd2 Bb7 16.Bxb7 Qxb7
17.Qg4 g6 18.Rae1 h5 19.Qh3 Kf8 20.Nb2 Kg7 21.Nd3 Qc6 22.Re2 Ra8 23.Be1 h4
24.Qg4 Rh5 25.Rf3 a5 26.Rh3 a4 27.Bxh4 Bxh4 28.Rxh4 Rxh4 29.Qxh4 axb3 30.axb3 Ra3
31.f5 Ra1+ 32.Kf2 exf5 33.Nf4 d3 34.Nxd3 Nf8 35.Qf6+ Qxf6 36.exf6+ Kxf6 37.Nxc5 Rb1
38.Re1 Rb2+ 39.Re2 Rb1 40.Re3 g5 41.Na4 Ne6 42.c5 Nd4 43.Nc3 Rb2+ 44.Kf1 f4
45.Nd5+ Kf5 46.Ne7+ Kf6 47.Nd5+ Kf5 48.Ne7+ Kf6  1/2-1/2

[Event "Moscow ol (Women)"]
[Site "Moscow"]
[Date "1994.??.??"]
[Round "11"]
[White "Lagvilava, Genrieta"]
[Black "Herrera, Laura"]
[Result "1-0"]
[WhiteElo "2250"]
[BlackElo "2065"]

1.e4 c5 2.Nc3 Nc6 3.Nf3 e6 4.d4 cxd4 5.Nxd4 a6 6.Be3 Qc7 7.a3 Nf6 8.f4 d6
9.Qf3 Bd7 10.Bd3 Be7 11.O-O O-O 12.Rae1 Rfe8 13.Qg3 e5 14.fxe5 Nxe5 15.Nf5 Bxf5
16.Rxf5 Kh8 17.Ref1 Rac8 18.Bd4 Bd8 19.Nd5 Nxd5 20.Rxf7 Rg8 21.Rxc7 Nxc7
22.Bxe5 dxe5 23.Bc4 Re8 24.Bf7 Rf8 25.Qg4 Be7 26.b4 Rcd8 27.c4 a5 28.c5 axb4
29.axb4 Na6 30.Qe6 Bg5 31.h4 Be3+ 32.Kh1 Nxb4 33.h5 Nc6 34.Qb3 Bxc5 35.Qxb7 Nd4
36.Qa6 Rd7 37.Bd5 Rxf1+ 38.Qxf1 h6 39.Qc4 Be7 40.Bf7 Bf6 41.Be8 Ra7 42.Qc8  1-0